| 000 | 00771nam a2200241Ia 4500 | ||
|---|---|---|---|
| 008 | 130821s1984 sp gr spa | ||
| 020 | _a8430911103 | ||
| 040 |
_aCo-BoUCM _bspa |
||
| 041 | 0 | 0 | _aspa |
| 100 |
_aPeces-Barba, Gregorio _964849 |
||
| 245 | 0 | 4 |
_aLos valores superiores _cGregorio Peces-Barba |
| 250 | _a1a. ed | ||
| 260 |
_aMadrid (España) _bTecnos _c1984 |
||
| 300 | _a173 páginas | ||
| 490 | _aTemas clave de la constitución española | ||
| 500 | _aIncluye índice | ||
| 650 | 0 | 4 |
_aDerecho comparado _912722 |
| 650 | 0 | 4 |
_aFilosofía del derecho _915792 |
| 650 | 0 | 4 |
_aValores (Filosofía) _926079 |
| 651 |
_aEspaña _xDerecho constitucional _952277 |
||
| 942 |
_cLIBRO _a8 _e1 _mP32 _n0 _2DEWEY _h340.1 |
||
| 999 |
_c35747 _d35747 |
||